000 00884nam a22002777a 4500
003 CHAP
005 20220329133915.0
008 971013s19911 r 00010 eng d
010 _a12546
011 _a13518
035 _a17590
040 _cCHAP
100 0 0 _aCorbet, Sarah A.
_927923
245 1 _aBees and the pollination of crops and wild flowers in the european community
500 _aSobretiro de : Bee World 72 (2): 47-59; (3): 99-116; (4): 170-80, 1991.
590 _aBATCH-UPD
_b10
_c20130110
_lUCH01
_h1540
590 _aBATCH-UPD
_b10
_c20130410
_lUCH01
_h0943
590 _aBATCH-UPD
_b10
_c20130914
_lUCH01
_h1419
590 _aCONVERSION
_b10
_c20130109
_lUCH01
_h1308
650 1 4 _aAbejas.
_9182
650 1 4 _aFlores silvestres.
_941744
650 1 4 _aPolinización.
_990237
901 _aBK
942 _cREIMP
949 _bBC
_cR
_d-41393
_eTS1
_gI.c/e
_i17590
_si
_t40.73
999 _c12546
_d12546